01269 2200373 4500001002100000005001500021035002000036007000300056008004100059020002200100082001400122084001600136100002800152245019600180250003400376300003100410650002500441700002400466700002900490700003100519700003600550700003400586700003300620264004300653336002100696337003000717338002300747040002200770090002200792850001200814504002500826999002200851990002200873INLIS00000000088444620240228095615 a0010-0224000993ta240228s2023 yoi e ind d a978-623-190-512-304223a305.3 a305.3 ROS k0 aRosramadhanaePengarang10aKesetaraan gender dalam keluarga batih :bkajian gender dalam ilmu sosial /cRosramadhana, Sudirman, Arief Wahyudi, Rahmat Siregar, Karina Ita Br Bangun, Nop Berilayani Hia, Siti Aisyah Lubis aCetakan pertama, Oktober 2023 aviii, 200 halaman ;c23 cm 4aGender, Diskriminasi0 aSudirmanePengarang0 aArief WahyudiePengarang3 aSiregar, RahmatePengarang0 aKarina Ita Br BangunePengarang0 aNop Berilayani HiaePengarang0 aSiti Aisyah LubisePengarang31aSleman :bBintang Semesta Media,c2023 2rdacontentateks 2rdamediaatanpa perantara 2rdacarrieravolume aYOPDYOGbinderda aCB-D.11 2023-3838 aYOPDYOG aTermasuk bibliografi aCB-D.11 2023-3838 aCB-D.11/2023-3838